000 00696nam a22002177a 4500
999 _c10689
_d10689
003 AR-CdUCM
008 190401b ||||| |||| 00| 0 spa d
040 _aMUNICIPALIDAD PROVINCIAL DEL CUSCO
_cBIBLIOTECA MUNICIPAL DEL CUSCO
082 _aES / 800 /
_bM26
_23ed.
100 _aMarryat, Capitán
_927668
245 _aPedro Simple /
260 _aBarcelona :
_bMateu ;
_c1960.
300 _a271 páginas ;
_c20cm
_bIlustraciones
440 _aColección Juvenil Cadete
_n72
_927669
505 _aContenido: Novela
650 _aNovela
_9572
650 _aLiteratura juvenil
_91580
700 _aPla Trigueros, María Soledad (adaptación)
_927670
942 _2ddc
_cLIBROS
945 _anom